000 00654nam a22001937a 4500
999 _c61701
_d61701
005 20240418121921.0
008 240418s1989 enk||||| |||| 00| 0 eng d
020 _a0801642574x
041 _aeng
080 _a616-08 P-85
100 _aPotter, Patricia A.
_921861
245 _aFundamentals of nursing :
_bConcepts, process, and practice /
_cPatricia A. Potter, A.G. Perry.
264 _aSt. Louis :
_bMosby,
_c1989.
300 _a1520 p.:
_bill.;
_c29 cm.
653 _aსაექთნო საფუძვლები
653 _aმედიცინა
700 _aPerry, A.G.
_eავტორი
_921862
942 _2udc
_cᲬᲘᲒᲜᲘ